Pokemon commençant par la lettre G - Gen 1 à 9 - Statistiques

Statistiques générales
  • Ce quiz a été pris 37 fois
  • Le résultat moyen est 32 sur 61
Statistiques - réponses
Réponse % Correct
Grolem
86%
Gallame
82%
Giratina
82%
Gardevoir
79%
Gravalanch
79%
Grotichon
75%
Groudon
75%
Gouroutan
68%
Groret
68%
Gruikui
68%
Grimalin
64%
Gringolem
64%
Grotadmorv
64%
Galegon
61%
Galekid
61%
Galeking
61%
Galifeu
61%
Galvaran
61%
Givrali
61%
Gobou
61%
Goélise
61%
Golemastoc
61%
Goupix
61%
Germignon
57%
Gorythmic
57%
Gloupti
54%
Grelaçon
54%
Galvagla
50%
Gamblast
50%
Genesect
50%
Géolithe
50%
Gigalithe
50%
Goupilou
50%
Grahyéna
50%
Grodrive
50%
Gueriaigle
50%
Galopa
46%
Galvagon
46%
Girafarig
46%
Goupelin
46%
Grenousse
46%
Griknot
46%
Guérilande
46%
Gambex
43%
Grodoudou
43%
Garde-de-fer
39%
Golgopathe
39%
Gourmelet
39%
Granbull
39%
Granivol
39%
Gaulet
36%
Glaivodo
36%
Goinfrex
36%
Grainipiot
36%
Grillepattes
36%
Gromago
36%
Germéclat
32%
Grindur
32%
Gigansel
29%
Grondogue
29%
Gribouraigne
21%
Aucun quiz correspondant
Distribution des résultats
% des personnes avec chaque résultat
Percentile par nombre de réponses
Votre historique - résultats
Vous n’avez pas pris ce quiz